000 00986nam a2200313Ia 4500
003 OSt
005 20221007122449.0
006 a|||||r|||| 00| 0
007 ta
008 221006b |||||||| |||| 00| 0 eng d
020 _a0486402290 (pbk)
024 _a98725
037 _b2639, 15/03/2010, New India Book Agency
_cTextbook
040 _aPAPL
_cPAPL
_beng
041 _2eng
_aeng
082 _aB33OC, N9 Carpa
100 _aCollins Royal Eugene
_9714425
245 0 _aMathematical methods for physicists and engineers
250 _a2
260 _aNew
_bYork Dover Publications
_c1999
300 _avii, 385p.
_ccm.
500 _aAppendices 370-380p.; Index 381-385p.
650 _a Engineering mathematics
650 _a Mathematical physics
_9463933
650 _a Mathematics
650 _aPhysics
942 _hB33OC, N9 Carpa
_cTB
_2CC
999 _c1210386
_d1210386